|
|
|
|
| LEADER |
01496nam a2200373 a 4500 |
| 001 |
000916727 |
| 003 |
CZ BrMZK |
| 005 |
20090605131816.0 |
| 007 |
ta |
| 008 |
081013s2008 xo a e p 000 0 slo |
| 020 |
|
|
|a 978-80-225-2545-9
|q (brož.)
|
| 040 |
|
|
|a BOA001
|b cze
|
| 072 |
|
7 |
|a 364
|x Sociální problémy vyžadující podporu a pomoc. Sociální zabezpečení
|2 Konspekt
|9 18
|
| 072 |
|
7 |
|a 37.016
|x Učební osnovy. Vyučovací předměty. Učebnice
|2 Konspekt
|9 22
|
| 080 |
|
|
|a 364
|2 MRF
|
| 080 |
|
|
|a 349.3
|2 MRF
|
| 080 |
|
|
|a (075.8)
|2 MRF
|
| 100 |
1 |
|
|a Rievajová, Eva,
|d 1951-
|7 mzk2003208527
|4 aut
|
| 245 |
1 |
0 |
|a Sociálne zabezpečenie /
|c Eva Rievajová a kolektív
|
| 250 |
|
|
|a Vyd. 1.
|
| 260 |
|
|
|a Bratislava :
|b Ekonóm,
|c 2008
|
| 300 |
|
|
|a 234 s. :
|b il. ;
|c 21 cm
|
| 500 |
|
|
|a Nad názvem: Ekonomická univerzita v Bratislave, Národohospodárska fakulta
|
| 500 |
|
|
|a 500 výt.
|
| 504 |
|
|
|a Obsahuje bibliografii a bibliografické odkazy
|
| 541 |
|
|
|a Bratislava, Centrum vedecko-technických informácií SR
|
| 650 |
0 |
7 |
|a sociální zabezpečení
|7 ph116215
|2 czenas
|
| 650 |
0 |
7 |
|a právo sociálního zabezpečení
|7 ph115917
|2 czenas
|
| 655 |
|
7 |
|a učebnice vysokých škol
|7 fd133772
|2 czenas
|
| 710 |
2 |
|
|a Ekonomická univerzita v Bratislave.
|b Národohospodárska fakulta
|7 mzk2002157192
|
| 910 |
2 |
|
|a BOA001
|b 2-1206.868
|
| 990 |
|
|
|a BK
|
| 991 |
|
|
|b 200811
|c NOV
|
| 996 |
7 |
|
|b 2610357852
|c 2-1206.868
|l MZK
|r Sklad / do 1 hodiny
|n 15
|p vým.
|w 000916727
|u 000010
|a 1
|e BOA001
|j MZK50
|s A
|